Constitution and constitutionalism in India / (Record no. 134696)

MARC details
000 -LEADER
fixed length control field 00901nam a22002537a 4500
005 - DATE AND TIME OF LATEST TRANSACTION
control field 20170124110232.0
010 ## - LIBRARY OF CONGRESS CONTROL NUMBER
LC control number A-943831
020 ## - INTERNATIONAL STANDARD BOOK NUMBER
Terms of availability 800.00
International Standard Book Number 8176480282
035 ## - SYSTEM CONTROL NUMBER
System control number A-943831
037 ## - SOURCE OF ACQUISITION
Source of stock number/acquisition Cen Lib/Ret
040 ## - CATALOGING SOURCE
Original cataloging agency DPL
Language of cataloging EN
082 ## - DEWEY DECIMAL CLASSIFICATION NUMBER
Classification number 342.54
Item number MIS
100 ## - MAIN ENTRY--PERSONAL NAME
Personal name Misra, Surya Narayan
9 (RLIN) 41448
245 ## - TITLE STATEMENT
Title Constitution and constitutionalism in India /
Statement of responsibility, etc by Surya Narayan Misra, Subas Chandra Hazary [and] Amreshwar Misra
260 ## - PUBLICATION, DISTRIBUTION, ETC. (IMPRINT)
Place of publication, distribution, etc New Delhi
Name of publisher, distributor, etc APH Publishing Corporation
Date of publication, distribution, etc 1999
270 ## - ADDRESS
City New Delhi
Address 5, ansari road, dariya ganj
Postal code 110002
300 ## - PHYSICAL DESCRIPTION
Extent xix, 413p.
Dimensions 21cm(Hb)
500 ## - GENERAL NOTE
General note Includes bibliographical references and index
650 ## - SUBJECT ADDED ENTRY--TOPICAL TERM
Topical term or geographic name as entry element Constitutional law
Chronological subdivision
9 (RLIN) 41449
650 ## - SUBJECT ADDED ENTRY--TOPICAL TERM
Topical term or geographic name as entry element Constitutional law (Islamic law)
9 (RLIN) 41450
700 ## - ADDED ENTRY--PERSONAL NAME
Personal name Hazary, Subas Chandra
9 (RLIN) 41451
700 ## - ADDED ENTRY--PERSONAL NAME
Personal name Misra, Amareshwar
9 (RLIN) 41452
942 ## - ADDED ENTRY ELEMENTS (KOHA)
Source of classification or shelving scheme Dewey Decimal Classification
Koha item type English Books
Classification part 342.54
Call number suffix MIS
Holdings
Withdrawn status Lost status Damaged status Not for loan Collection code Home library Current library Date acquired Source of acquisition Cost, normal purchase price Total Checkouts Full call number Barcode Date last seen Copy number Cost, replacement price Price effective from Koha item type
      Not For Loan Reference Central Library Central Library 31/07/2015 Cen Lib/Ret 800.00   342.54 MIS A-943831 31/07/2015 1 800.00 31/07/2015 English Books

© Delhi Public Library
Hit Counter
free hit counter